000 01048nam a22002657a 4500
001 BD-DhSAU 9278
003 BD-DhSAU
005 20260513110147.0
008 260513b2018 bg a|||| m||| 00| 0 eng d
040 _aBD-DhSAU
082 _222
_a616.96
_bN738
100 _aISLAM, MD. NOORALAM
_eRegistration # 18-08811
245 _aOccurrence of blood protozoan parasites of murine rodents in northern bangladesh /
_bMS thesis
260 _aSher-e-Bangla Agricultural University;
_bDepartment of Microbiology and parasitology ;
_c2024.
300 _avi, 40p. :
_bill. ;
_c30 cm.
500 _aMS thesis of Department of Microbiology and parasitology, ;, Faculty of ASVM. Sher-e-Balgla Agricultural University Dhaka-1207
504 _aIncludes bibliographical reference.
590 _aNazmul
650 _ablood protozoan parasites
650 _amurine rodents in northern
700 _aProf. Dr. Uday Kumar Mohanta
_eSuperviser
710 _eCo-Superviser
_aAssico. Prof. Dr. Mahfuzul Islam
942 _2ddc
_cTHESIS
999 _c18398
_d18397